Chelsea Squad 2020/21 - Statistics

General Stats
  • This quiz has been taken 59 times
  • The average score is 21 of 26
Answer Stats
Position Nation Number Answer % Correct
GK Spain 1 Kepa
100%
CDM France 7 Kante
98%
CM Italy 5 Jorginho
96%
GK Senegal 16 Mendy
96%
CB Germany 2 Rudiger
96%
CB Brazil 6 Silva
94%
CB Denmark 4 Christensen
91%
CM Croatia 17 Kovacic
91%
CAM Germany 29 Havertz
89%
ST Germany 11 Werner
89%
LB Spain 3 Alonso
87%
CAM England 19 Mount
87%
LW USA 10 Pulisic
87%
RB England 24 James
85%
CAM Morocco 22 Ziyech
85%
GK Argentina 13 Caballero
83%
ST England 9 Abraham
79%
RB Spain 28 Azpilicueta
79%
ST France 18 Giroud
77%
LB England 21 Chilwell
74%
LB Italy 33 Emerson
74%
RW England 20 Hudson-Odoi
70%
CB France 15 Zouma
70%
CM Scotland 23 Gilmour
64%
CB England 14 Tomori
51%
GK Croatia 40 Ziger
19%
No matching quizzes found
Score Distribution
Percent of People with Each Score
Percentile by Number Answered
Your Score History
You have not taken this quiz